Лучший, каким Вы можете стать в МЛМ: Путь к вершине самого быстрорастущего бизнеса в мире; пер. с англ.

Бібліографічні деталі
Автор: Каленч Дж. Джон
Мова:Російська
Опубліковано: [Б. м.], [Б. и.], 1998
Предмети:
Формат: Книга
KOHA link:https://koha.lib.tpu.ru/cgi-bin/koha/opac-detail.pl?biblionumber=6976

MARC

LEADER 00000nam0a2200000 4500
001 6976
005 20231030180402.0
035 |a (RuTPU)RU\TPU\book\7016 
035 |a BOOK00007073 
090 |a 6976 
100 |a 20011209d1998 m y0rusy50 ca 
101 1 |a rus  |c eng 
102 |a RU 
105 |a y z 000zy 
200 1 |a Лучший, каким Вы можете стать в МЛМ  |e Путь к вершине самого быстрорастущего бизнеса в мире  |e пер. с англ.  |f Дж. Каленч 
210 |a [Б. м.]  |d 1998  |c [Б. и.] 
215 |a 172 с. 
610 1 |a экономика 
610 1 |a управление 
610 1 |a бизнес 
610 1 |a маркетинг 
610 1 |a сетевые маркетинги 
686 |a У9(2)212.4  |v LBC/SL-A  |2 rubbk 
686 |a У821  |v LBC/SL-A  |2 rubbk 
700 1 |a Каленч  |b Дж.  |g Джон 
801 0 |a RU  |b 63413507  |c 20011209  |g PSBO 
801 2 |a RU  |b 63413507  |c 20070503  |g PSBO 
942 |c BK